[Event "KUW-ch"]
[Site "Kuwait City"]
[Date "2024.01.26"]
[Round "4"]
[White "Alfaras, Abdulaziz"]
[Black "Alghanim, Faisal"]
[Result "0-1"]
[WhiteElo "1438"]
[BlackElo "1280"]
[PlyCount "110"]
[EventDate "2024.01.22"]
[EventType "swiss"]
[EventRounds "9"]
[EventCountry "KUW"]
[SourceTitle "CBM 218 Extra"]
[Source "ChessBase"]
[SourceDate "2024.03.31"]
[SourceVersion "1"]
[SourceVersionDate "2024.03.31"]
[SourceQuality "1"]

1. Nf3 Nf6 2. g3 d5 3. d3 c6 4. Nbd2 Bg4 5. Bg2 Nbd7 6. c3 e5 7. Qc2 Bc5 8. 0-0 0-0 9. e4 dxe4 10. dxe4 Re8 11. h3 Bh5 12. Re1 h6 13. Nf1 a5 14. a4 b5 15. Bd2 bxa4 16. Qxa4 Qb6 17. Be3 Bxe3 18. Nxe3 Qxb2 19. Qxc6 Rec8 20. Qd6 Qxf2+ 21. Kxf2 Nxe4+ 22. Kg1 Nxd6 23. Nxe5 Nxe5 24. Bxa8 Rxa8 25. Kf1 a4 26. Nd5 Nec4 27. g4 Bg6 28. Red1 Be4 29. Kg1 Bxd5 30. Rxd5 a3 31. Kf2 a2 32. Ke2 f6 33. Rd4 Kf7 34. Kd3 Ra4 35. Kc2 Ra3 36. Kd3 Nb2+ 37. Kc2 Ndc4 38. Rd7+ Kg6 39. Rb7 Na4 40. Rb4 Rxc3+ 41. Kd1 Nab2+ 42. Ke2 Rxh3 43. Rxa2 Kg5 44. Kf1 Ne3+ 45. Kg1 Nbc4 46. Rb7 Kg6 47. Raa7 Rg3+ 48. Kf2 Rxg4 49. Rxg7+ Kf5 50. Rac7 Rxg7 51. Rxg7 Ng4+ 52. Kg3 Nce3 53. Kh4 Kf4 54. Kh5 f5 55. Rd7 Nf6+ 0-1

[Event "KUW-ch sf"]
[Site "Kuwait"]
[Date "2018.11.20"]
[Round "5"]
[White "Alfaras, Abdulaziz"]
[Black "Alshourfaa, Hazaa"]
[Result "0-1"]
[WhiteElo "1468"]
[BlackElo "1759"]
[PlyCount "114"]
[EventDate "2018.11.16"]
[EventType "swiss"]
[EventRounds "9"]
[EventCountry "KUW"]
[SourceTitle "CBM 187 Extra"]
[Source "ChessBase"]
[SourceDate "2018.11.04"]
[SourceVersion "1"]
[SourceVersionDate "2018.11.04"]
[SourceQuality "1"]

1. Nf3 d5 2. g3 Nf6 3. d3 e6 4. Bg2 Be7 5. 0-0 0-0 6. Nbd2 b6 7. c3 Bb7 8. Qc2 Nbd7 9. Re1 c5 10. b3 Rc8 11. Bb2 e5 12. Nh4 g6 13. c4 Qc7 14. Ba3 d4 15. Bxb7 Qxb7 16. e3 Rfe8 17. e4 Nh5 18. Nhf3 Bd6 19. Qd1 Nf8 20. Nf1 Qd7 21. Bc1 Ne6 22. Qd2 Nef4 23. Qd1 Ne6 24. Qd2 Bf8 25. Qe2 Nd8 26. Bg5 Qe6 27. Qd2 f6 28. Bh6 Be7 29. Qc1 Nf7 30. Bd2 Qg4 31. Qd1 Qe6 32. Qc1 Bf8 33. h4 h6 34. N1h2 Nf4 35. Bxf4 exf4 36. Qxf4 Bd6 37. Qd2 Qh3 38. Qe2 Re7 39. Qf1 Qd7 40. Qe2 Rce8 41. Nd2 f5 42. Qf3 Ne5 43. Qe2 fxe4 44. dxe4 Nc6 45. Rab1 Qe6 46. Rbd1 Rf8 47. Rf1 Kh7 48. Kh1 h5 49. Rb1 Ref7 50. Rb2 Qh3 51. Ndf3 Be7 52. e5 Qe6 53. Rd2 Rf5 54. g4 hxg4 55. Nxg4 Rxf3 56. Nf6+ R8xf6 57. exf6 Qg4 0-1

[Event "Kuwait Amateur-ch"]
[Site "Kuwait"]
[Date "2016.01.30"]
[Round "7"]
[White "Alfaras, Abdulaziz"]
[Black "Alabboudi, Eid"]
[Result "1-0"]
[WhiteElo "1516"]
[BlackElo "1418"]
[PlyCount "51"]
[EventDate "2016.01.23"]
[EventType "swiss"]
[EventRounds "9"]
[EventCountry "KUW"]
[SourceTitle "CBM 170 Extra"]
[Source "ChessBase"]
[SourceDate "2016.02.25"]
[SourceVersion "1"]
[SourceVersionDate "2016.02.25"]
[SourceQuality "1"]

1. Nf3 d5 2. g3 e6 3. Bg2 Bd6 4. 0-0 e5 5. d3 Nf6 6. Nbd2 Nc6 7. c3 0-0 8. Qc2 Qe7 9. Re1 h6 10. e4 d4 11. c4 Bb4 12. a3 Bxd2 13. Bxd2 Nh5 14. Qb3 Qf6 15. Bb4 Nxb4 16. Qxb4 Bg4 17. Nh4 g5 18. Nf5 Bxf5 19. exf5 Qxf5 20. Qxb7 Qxd3 21. Qxc7 e4 22. Bxe4 g4 23. Bxd3 Rfe8 24. Re7 Rac8 25. Rxe8+ Rxe8 26. Qxa7 1-0

[Event "Kuwait Amateur-ch"]
[Site "Kuwait"]
[Date "2016.01.26"]
[Round "4"]
[White "Alfaras, Abdulaziz"]
[Black "Alfaras, Thamer"]
[Result "1-0"]
[WhiteElo "1516"]
[BlackElo "1293"]
[PlyCount "99"]
[EventDate "2016.01.23"]
[EventType "swiss"]
[EventRounds "9"]
[EventCountry "KUW"]
[SourceTitle "CBM 170 Extra"]
[Source "ChessBase"]
[SourceDate "2016.02.25"]
[SourceVersion "1"]
[SourceVersionDate "2016.02.25"]
[SourceQuality "1"]

1. Nf3 Nf6 2. g3 Nc6 3. Bg2 e5 4. d3 d5 5. 0-0 Bf5 6. Nbd2 e4 7. dxe4 dxe4 8. Ng5 Qd5 9. Ndxe4 Bxe4 10. Bxe4 Qxd1 11. Bxc6+ bxc6 12. Rxd1 h6 13. Nf3 Bc5 14. e3 0-0 15. Ne5 Rfd8 16. Rxd8+ Rxd8 17. Nxc6 Rd1+ 18. Kg2 Ne4 19. Na5 Bb4 20. Nb3 c5 21. c3 c4 22. Nd4 Bc5 23. Ne2 Re1 24. Nf4 g5 25. Nd5 Re2 26. Kf3 Re1 27. Kxe4 Kg7 28. b4 cxb3 29. axb3 a5 30. c4 Bd6 31. Bb2+ f6 32. Rxe1 Kg6 33. Nxf6 Bb4 34. Rd1 Be7 35. c5 Bxc5 36. Rd5 Be7 37. Rxa5 Bb4 38. Ra6 Be7 39. f4 gxf4 40. exf4 Bxf6 41. Rxf6+ Kg7 42. b4 Kg8 43. b5 Kg7 44. b6 Kg8 45. b7 Kg7 46. b8Q Kh7 47. Qb7+ Kg8 48. Rg6+ Kf8 49. Rg8+ Kxg8 50. Qg7# 1-0